Должностные инструкции; Руководителей, специалистов, технических исполнителей основного штатного состава

Detaylı Bibliyografya
Diğer Yazarlar: Усманова Н. Р. (редактор)
Dil:Rusça
Baskı/Yayın Bilgisi: Москва, Приор, 2002
Konular:
Materyal Türü: Kitap
KOHA link:https://koha.lib.tpu.ru/cgi-bin/koha/opac-detail.pl?biblionumber=52985

MARC

LEADER 00000nam0a2200000 4500
001 52985
005 20231031043738.0
010 |a 5799004418 
035 |a (RuTPU)RU\TPU\book\55563 
090 |a 52985 
100 |a 20030610d2002 m y0rusy50 ca 
101 0 |a rus 
102 |a RU 
105 |a y l 001zy 
200 1 |a Должностные инструкции  |a Руководителей, специалистов, технических исполнителей основного штатного состава  |f Под ред. Н. Р. Усмановой 
210 |a Москва  |c Приор  |d 2002 
215 |a 128 с. 
320 |a Библиогр.: с. 125 
610 1 |a делопроизводство 
610 1 |a должностные инструкции 
610 1 |a составление 
610 1 |a оформление 
610 1 |a образцы 
675 |a 651.9  |v 3 
702 1 |a Усманова  |b Н. Р.  |4 340 
801 1 |a RU  |b 63413507  |c 20030610  |g PSBO 
801 2 |a RU  |b 63413507  |c 20060914  |g PSBO 
942 |c BK